<?xml version="1.0" encoding="UTF-8"?>
<record
    xmlns:xsi="http://www.w3.org/2001/XMLSchema-instance"
    xsi:schemaLocation="http://www.loc.gov/MARC21/slim http://www.loc.gov/standards/marcxml/schema/MARC21slim.xsd"
    xmlns="http://www.loc.gov/MARC21/slim">

  <leader>01308nam a22002297a 4500</leader>
  <controlfield tag="003">KOHA_M&#x130;RAKIL</controlfield>
  <controlfield tag="005">20260414090557.0</controlfield>
  <controlfield tag="008">260414b        tu ||||| |||| 00| 0 tur d</controlfield>
  <datafield tag="040" ind1=" " ind2=" ">
    <subfield code="a">TR-AnABB</subfield>
    <subfield code="b">tur</subfield>
    <subfield code="c">TR-AnABB</subfield>
  </datafield>
  <datafield tag="041" ind1=" " ind2=" ">
    <subfield code="a">eng</subfield>
  </datafield>
  <datafield tag="082" ind1=" " ind2=" ">
    <subfield code="a">338.95</subfield>
    <subfield code="b">REG </subfield>
  </datafield>
  <datafield tag="245" ind1="0" ind2="0">
    <subfield code="a">Regional development problems and policy responses in Five Asian and Pasific Countries /</subfield>
    <subfield code="c">Ed. B. Prantilla</subfield>
  </datafield>
  <datafield tag="260" ind1=" " ind2=" ">
    <subfield code="a">Nagoya : </subfield>
    <subfield code="b">United Nations Centre for Regional Development,</subfield>
    <subfield code="c">1990?</subfield>
  </datafield>
  <datafield tag="300" ind1=" " ind2=" ">
    <subfield code="a">340 sayfa ; </subfield>
    <subfield code="c">24 cm</subfield>
  </datafield>
  <datafield tag="504" ind1=" " ind2=" ">
    <subfield code="a">Kaynak&#xE7;a 331-339 sayfalar&#x131; aras&#x131;ndad&#x131;r.</subfield>
  </datafield>
  <datafield tag="505" ind1=" " ind2=" ">
    <subfield code="a">&#x130;&#xE7;indekiler: Regional development problems and policy responses in Five Asian and Pacific Countries - Regional development policiy response in Rapidly Growing Economy: The Case of the Republic of Korea - Regional development policy response on Intercommunal and Interregional Inequality: The Case of Malaysia - Impact of National and Regional Development Policies at The Sub- National Level: The Case of the Philippines - Regional development problems and policy response: The Case of Thailand - Regional planning and policy in Fiji</subfield>
  </datafield>
  <datafield tag="650" ind1="0" ind2="4">
    <subfield code="a">B&#xF6;lgesel kalk&#x131;nma</subfield>
  </datafield>
  <datafield tag="650" ind1="0" ind2="4">
    <subfield code="a">Ekonomik politika</subfield>
  </datafield>
  <datafield tag="650" ind1="0" ind2="4">
    <subfield code="a">B&#xF6;lgesel kalk&#x131;nma, Asya</subfield>
  </datafield>
  <datafield tag="700" ind1="1" ind2=" ">
    <subfield code="a">Prantilla, Ed. B.,</subfield>
    <subfield code="e">edit&#xF6;r</subfield>
    <subfield code="9">3414</subfield>
  </datafield>
  <datafield tag="942" ind1=" " ind2=" ">
    <subfield code="2">ddc</subfield>
    <subfield code="c">BK</subfield>
  </datafield>
  <datafield tag="952" ind1=" " ind2=" ">
    <subfield code="0">0</subfield>
    <subfield code="1">0</subfield>
    <subfield code="2">ddc</subfield>
    <subfield code="7">0</subfield>
    <subfield code="a">RUK</subfield>
    <subfield code="b">RUK</subfield>
    <subfield code="d">2026-04-14</subfield>
    <subfield code="l">0</subfield>
    <subfield code="o">338.95 REG </subfield>
    <subfield code="p">RK7069</subfield>
    <subfield code="r">2026-04-14 09:06:44</subfield>
    <subfield code="w">2026-04-14</subfield>
    <subfield code="y">BK</subfield>
  </datafield>
  <datafield tag="999" ind1=" " ind2=" ">
    <subfield code="c">10229</subfield>
    <subfield code="d">10229</subfield>
  </datafield>
  <datafield tag="900" ind1=" " ind2=" ">
    <subfield code="b">Can &#xC7;ELIK</subfield>
  </datafield>
</record>
